Finančné zdroje a výkonnosť poľnohospodárskych podnikov v SR
Finančná pozícia poľnohospodárskych podnikov v SR v kontexte s poľnohospodárskymi podnikami v EÚ. Vplyv finančných zdrojov na výkonnosť poľnohospodárskych podnikov. Analýza finančnéj pozície podnikov v produkčných podmienkach SR.
Salvato in:
| Autore principale: | |
|---|---|
| Natura: | Capitolo di libro |
| Lingua: | slovacco |
| Soggetti: | |
| Tags: |
Nessun Tag, puoi essere il primo ad aggiungerne!!
|
MARC
| LEADER | 00000naa a2200000 4500 | ||
|---|---|---|---|
| 001 | 0192520 | ||
| 005 | 20231211131814.0 | ||
| 041 | 0 | |a slo | |
| 044 | |a SK | ||
| 245 | 1 | 0 | |a Finančné zdroje a výkonnosť poľnohospodárskych podnikov v SR |c Miroslav Grznár |
| 520 | |a Finančná pozícia poľnohospodárskych podnikov v SR v kontexte s poľnohospodárskymi podnikami v EÚ. Vplyv finančných zdrojov na výkonnosť poľnohospodárskych podnikov. Analýza finančnéj pozície podnikov v produkčných podmienkach SR. | ||
| 610 | 2 | 0 | |a zdroje podnikové |
| 610 | 2 | 0 | |a manažment finančný |
| 610 | 2 | 0 | |a podnik poľnohospodársky |
| 610 | 2 | 0 | |a Slovensko |
| 610 | 2 | 0 | |a Európska únia |
| 610 | 2 | 0 | |a zdroje finančné |
| 610 | 2 | 0 | |a zdroje finančné cudzie |
| 100 | 1 | |a Grznár, Miroslav | |